000 00633nam a2200229Ia 4500
003 OSt
005 20221005073335.0
006 a|||||r|||| 00| 0
007 ta
008 221004b |||||||| |||| 00| 0 eng d
024 _a97880
037 _cTextual
040 _aCRL
_cCRL
_beng
041 _2eng
_aeng
082 _aW:5.1(Y:4), N2
100 _aThamilmaran V T
_9607916
245 0 _aHuman rights in third world perspective
260 _aNew Delhi
_bHar-Anand Publications India
_c1992
650 _aPOLITICAL SCIENCE
942 _hW:5.1(Y:4), N2
_cTEXL
_2cc
999 _c980951
_d980951